1259 1881 1492 1167 1407 1600 1900 1638 1966 1406 1720 1264 1802 1976 1734 1449 1414 1309 1472 1312 1536 1706 1407 1005 1607 1322 1983 1997 1711 1232 1508 1437 1011 1829 1222 1363 1053 1193 1411 1832 1611 1345 1741 1376 1313 1896 1290 1744 1079 1786 1713 1060 1216 1226 1453 1646 1211 1657 1332 1403 1642 1467 1632 1234 1784 1013 1167 1263 1328 1011 1547 1846 1649 1711 1536 1626 1413 1110 1305 1756 1364 1585 1844 1916 1337 1953 1585 1643 1299 1214 1467 1012 1934 1926 1468 1327 1451 1364 1760 BCNSPRNW ULIB Ver.6.0+V

เปลี่ยนเป็นภาษาไทย

Change to English
 แสดงรายละเอียดบรรณานุกรม
  กลับหน้าหลัก

Brief Record : Get Marc (ISO 2709) : E-mail record : QR code < ปิดหน้าต่าง
LEADER : 00000nam 2200000uu 4500
001    13399126602
003     ULIB
008    190118s2558||||th 000 0 tha d
020    ^a9789749942314
050  0 ^aPE428.0076^bส181จ
110 2  ^aสถาบันภาษา จุฬาลงกรณ์มหาวิทยาลัย
245 10 ^aChulalongkorn university test of english proficiency (CU-TEP) practice test /^cสถาบันภาษา จุฬาลงกรณ์มหาวิทยาลัย
250    ^aพิมพ์ครั้งที่ 13
260    ^aกรุงเทพฯ :^bสถาบันภาษา จุฬาลงกรณ์มหาวิทยาลัย,^c2558
300    ^a231 หน้า ;^c30 ซม.+ ซีดี-รอม 1 แผ่น
650  4 ^aภาษาอังกฤษ^xการใช้ภาษา
650  4 ^aภาษาอังกฤษ^xข้อสอบและเฉลย
945    ^p250^l0^i004802
945    ^p250^l0^i004801
999    ^aประนอม เกษจรัล
รายการนี้ยังไม่มีแท็ก
คุณยังไม่ได้ล็อกอิน คุณสามารถมีกิจกรรมร่วมกับเว็บไซต์ได้ แต่ต้องล็อกอินก่อน ::
  ล็อกอิน

รายการสื่อสารสนเทศ

ลำดับที่ ประเภท เลขเรียก/บาร์โค้ด สถานที่ สถานะ
1. การศึกษาทั่วไป
หนังสือสำรอง
สถานะ=หนังสือสำรอง
PE428.0076 ส181จ ฉ.1 
  Barcode: 004801
ห้องสมุดวิทยาเขตสวรรค์ประชารักษ์
►หนังสือทั่วไป
ถูกยืม กำหนดส่งวันที่ 19 พฤศจิกายน 2567
  จอง
2. การศึกษาทั่วไป
การศึกษาทั่วไป
PE428.0076 ส181จ ฉ.2 
  Barcode: 004802
ห้องสมุดวิทยาเขตสวรรค์ประชารักษ์
►หนังสือทั่วไป
บนชั้น

รายการใกล้เคียง
    หัวเรื่อง [ภาษาอังกฤษ การใช้ภาษา]

BibComment


ยังไม่เคยถูกคอมเมนท์

คอมเมนท์ทรัพยากรรายการนี้
  คอมเมนท์: Chulalongkorn un..


 Copyright 2026. Bcnsprnw @Library